000 01367nam a2200193Ii 4500
003 JO-AjNU
008 230605s9999||||xx |||||||||||||| ||und||
040 _aJO-AjNU
_bara
_erda
_cJO-AjNU
041 _aara
050 1 4 _aBP144 2017
100 3 _aاعداد العليمات، ماجد حامد محمد؛ اشراف احمد مصطفى القضاة,
_eauthor
_957849
245 0 0 _aالواقعات للامام عمر بن عبدالعزيز بن مازه المعروف بالصدر الشهيد البخاري من بداية الكتاب الى كتاب الايمان والنذور "دراسة وتحقيق"=For imam omar Ben maza known "as Alshadr Alwaqeat" "Alshsheed AlBukhari from the beginning of the book until Aleman W alnothoor" Book "An investinning and a study"
264 3 1 _aعمان: جامعة العلوم الاسلامية،كلية الدراسات العليا قسم الفقه واصوله، 2017
300 _a269ص
_bرسالة جامعية (دكتوراة في تخصص الفقه واصوله)--جامعة العلوم الاسلامية العالمية، كلية الدراسات العليا، عمان)، 2017، يشتمل على ببلوغرافيا
336 _atext
_btxt
_2rdacontent
337 _aunmediated
_bn
_2rdamedia
338 _avolume
_bnc
_2rdacarrier
650 4 _aالفقه الاسلامي -النذور
_957850
999 _aA25948
_c29516
_d29516